Star Wars: Andor & Rogue One Quiz: Part 2 - Statistics

General Stats
  • This quiz has been taken 185 times
  • The average score is 16 of 25
Answer Stats
Hint Answer % Correct
What is Emperor Palpatine's energy program a cover for? The Death Star
96%
Finish this sentence: I have friends ... everywhere
89%
Finish this sentence first uttered by the bellhop in the Ghorman hotel: Rebellions are built on ... Hope
84%
Who is the Imperial director in charge of the "energy program?" Orson Krennic
83%
Who is Luthen Rael's assistant? Kleya Maki
81%
Who kills ISB supervisor Lonni Jung? Luthen Rael
80%
Who unplugs the life support machines in the hospital, thus killing Luthen Rael? Kleya Maki
78%
How did Director Lio Partagaz die? Suicide
78%
What is Ghorman's famous export? Ghorman twill
75%
What type of animal is a Ghorlectopod? a spider
72%
Who was that killer's romantic partner? Vel Sartha
68%
That character threw a homemade explosive device into a group of imperials in season one on what planet? Ferrix
67%
On what jungle moon did Cassian land the stolen TIE in order to hand it off to another pilot? Yavin 4
65%
Who (presumably) killed that childhood friend? Cinta Kaz
62%
Who does Luthen send to teach Saw Gerrera's team of fighters who to steal the fuel, rhydonium? Wilmon Paak
62%
Who was Mon Mothma's childhood friend who helped her hide her financing of the rebellion? Tay Kolma
60%
What does the Empire want to mine from Ghorman? Kalkite
57%
What was Mon Mothma's husband's name? Perrin Fertha
55%
What family member was she always singing the praises of? Uncle Harlo
54%
Who did Bix and Cassian torture and then blow up at the end of season 2, episode 6? Doctor Gorst
48%
What was Mon Mothma's daughter's name? Leida Mothma
48%
What was Syril Karn's mother's name? Eedy Karn
47%
In whose art collection had Luthen's assistant hidden a listening device, that she and he later had to recover? Davo Sculdun
40%
That character had developed a method of torture for the ISB that utilized the screams of whom? dying Dizonite children
40%
What was the name of Cassian's clothing designer alias on his first visit to Ghorman? Varian Skye
30%
No matching quizzes found
Score Distribution
Percent of People with Each Score
Percentile by Number Answered
Your Score History
You have not taken this quiz